| 000 | 01320nam0a2200301 4500 | ||
|---|---|---|---|
| 001 | RU\NLR\bibl\1343717 | ||
| 005 | 20250615171340.0 | ||
| 010 |
_a978-5-7103-1885-0 _91000 |
||
| 021 |
_aRU _b2009-3197 _9174 |
||
| 035 | _a(NLR Aleph) 001328864 | ||
| 090 |
_a787438 _c787438 |
||
| 100 | _a20090319d2008 |||y0rusy50 ca | ||
| 101 | 0 | _arus | |
| 102 | _aRU | ||
| 105 | _ay ||||||||| | ||
| 200 | 1 |
_aКурс лекций по химии _fЮ.И. Русяева, Л.В. Начкина _gФедер. агентство по образованию, Гос. образоват. учреждение высш. проф. образования "Морд. гос. ун-т им. Н.П. Огарева" |
|
| 210 |
_aСаранск _cИзд-во Мордовского университета _d2008 |
||
| 215 |
_a123, [1] с. _cил. _d20 |
||
| 320 | _aБиблиогр.: с. 121 (14 назв.) | ||
| 606 | 1 |
_aХимия _jУчебные издания для высших учебных заведений _9898913 _3RU\NLR\auth\666296 |
|
| 686 | _aГ1я73-2 | ||
| 700 | 1 |
_aРусяева _bЮ. И. _gЮлия Ивановна _4070 |
|
| 701 | 1 |
_aНачкина _bЛ. В. _gЛидия Владимировна _4070 |
|
| 801 | 0 |
_aRU _bNLR _c20090319 _gRCR |
|
| 801 | 1 |
_aRU _bNLR _c20090319 |
|
| 942 | _cBOOK | ||
| 980 | _aNB | ||